Very Difficult Flags #1 - Statistics

General Stats
  • This quiz has been taken 260 times
  • The average score is 6 of 16
Answer Stats
Picture Answer % Correct
Guinea Bissau
78%
Northern Ireland
72%
Somaliland
64%
Montserrat
55%
Minnesota
43%
Bougainville
40%
Utah
40%
British Columbia
38%
Miami
35%
Sealand
34%
Moscow
30%
South Ossetia
28%
Victoria
24%
Yucatan
14%
Siberia
10%
West Java
6%
No matching quizzes found
Score Distribution
Percent of People with Each Score
Percentile by Number Answered
Your Score History
You have not taken this quiz